Хоббит (Запись № 12412288)

Подробности
000 -МАРКЕР
контрольное поле 02312nam0a2200385 4500
001 - ИДЕНТИФИКАТОР ЗАПИСИ
контрольное поле RU\NLR\BIBL_A\012846324
005 - ИДЕНТИФИКАТОР ВЕРСИИ
контрольное поле 20251224092247.0
010 ## - МЕЖДУНАРОДНЫЙ СТАНДАРТНЫЙ НОМЕР КНИГИ (ISBN)
Номер (ISBN) 978-5-17-145371-8
Тираж 3000
021 ## - НОМЕР ГОСУДАРСТВЕННОЙ РЕГИСТРАЦИИ
Код страны Российская Федерация
Номер КН-П-22-024813
Номер Листа государственной регистраци КН-П-22-2120
021 ## - НОМЕР ГОСУДАРСТВЕННОЙ РЕГИСТРАЦИИ
Код страны Российская Федерация
Номер КН-П-22-058715
Номер Листа государственной регистраци КН-П-22-5096
035 ## - ДРУГИЕ СИСТЕМНЫЕ НОМЕРА
Идентификатор записи (NLR Aleph) 012846324
035 ## - ДРУГИЕ СИСТЕМНЫЕ НОМЕРА
Идентификатор записи (RuMoRGB)011048219
100 ## - ДАННЫЕ ОБЩЕЙ ОБРАБОТКИ
Данные общей обработки 20220712d2022 u y0rusy50 ca
101 1# - ЯЗЫК РЕСУРСА
Язык текста, звукозаписи и т.д. русский
Язык резюме английский
102 ## - СТРАНА ПУБЛИКАЦИИ ИЛИ ПРОИЗВОДСТВА
Страна публикации Российская Федерация
105 ## - ПОЛЕ КОДИРОВАННЫХ ДАННЫХ: ТЕКСТОВЫЕ МАТЕРИАЛЫ, МОНОГРАФИЧЕСКИЕ
Кодированные данные о монографическом текстовом документе y z 000ay
181 #0 - ПОЛЕ КОДИРОВАННЫХ ДАННЫХ: ВИД СОДЕРЖАНИЯ
Код вида содержания (ISBD) i
Код характеристики содержания (ISBD) axxe
182 #0 - ПОЛЕ КОДИРОВАННЫХ ДАННЫХ: ТИП СРЕДСТВА
Код типа средства (ISBD) n - непосредственное
200 1# - ЗАГЛАВИЕ И СВЕДЕНИЯ ОБ ОТВЕТСТВЕННОСТИ
Основное заглавие Хоббит
Первые сведения об ответственности Джон Р. Р. Толкин
Последующие сведения об ответственности в переводе [с английского] Н. Рахмановой
-- перевод стихов Г. Кружкова, Г. Усовой
203 ## - ВИД СОДЕРЖАНИЯ И ТИП СРЕДСТВА
Вид содержания Текст
Дополнительные сведения об издании визуальный
Тип средства непосредственный
210 ## - ПУБЛИКАЦИЯ, РАСПРОСТРАНЕНИЕ И ДР.
Место издания, распространения и т.д. Москва
Имя издателя, распространителя и т. д. АСТ
Дата издания, распространения и т.д. 2022
215 ## - ФИЗИЧЕСКАЯ ХАРАКТЕРИСТИКА
Специфическое обозначение материала и объем 317, [1] с.
Размеры 22
225 1# - СЕРИЯ
Основное заглавие серии Серия "Толкин: разные переводы"
330 ## - РЕЗЮМЕ ИЛИ РЕФЕРАТ
Текст примечания <В земле была нора, а в норе жил хоббит>. Эти слова написал Джон Рональд Руэл Толкин на обороте школьной экзаменационной работы, которую проверял одним жарким летним днем. И кто бы мог подумать, что именно из них, как из волшебного зернышка, произрастет одно из самых известных произведений мировой литературы..
333 ## - ПРИМЕЧАНИЯ ОБ ОСОБЕННОСТЯХ РАСПРОСТРАНЕНИЯ И ИСПОЛЬЗОВАНИЯ
Текст примечания 12+
686 1# - ИНДЕКСЫ ДРУГИХ КЛАССИФИКАЦИЙ
Индекс Ш6(4Вл)67-445{Лх1298.1-45}
700 #1 - ИМЯ ЛИЦА - ПЕРВИЧНАЯ ОТВЕТСТВЕННОСТЬ
Графика поля Кириллица
Материалы, к которым относится поле rus
Начальный элемент ввода Толкин
Часть имени, кроме начального элемента ввода Д. Р. Р.
Даты 1892-1973
Расширение инициалов личного имени Джон Роналд Руэл
Системный номер авторитетной/нормативной записи 116484
Идентификатор авторитетной/нормативной записи RU\NLR\AUTH\776532
702 #1 - ИМЯ ЛИЦА - ВТОРИЧНАЯ ОТВЕТСТВЕННОСТЬ
Код отношения Переводчик
Графика поля Кириллица
Материалы, к которым относится поле rus
Начальный элемент ввода Рахманова
Часть имени, кроме начального элемента ввода Н. Л.
Даты 1930-2025
Расширение инициалов личного имени Наталия Леонидовна
Системный номер авторитетной/нормативной записи 41325
Идентификатор авторитетной/нормативной записи RU\NLR\AUTH\7758393
702 #1 - ИМЯ ЛИЦА - ВТОРИЧНАЯ ОТВЕТСТВЕННОСТЬ
Код отношения Переводчик
Графика поля Кириллица
Материалы, к которым относится поле rus
Начальный элемент ввода Кружков
Часть имени, кроме начального элемента ввода Г. М.
Даты 1945-
Расширение инициалов личного имени Григорий Михайлович
Системный номер авторитетной/нормативной записи 15380
Идентификатор авторитетной/нормативной записи RU\NLR\AUTH\7732372
942 ## - ДОПОЛНИТЕЛЬНЫЕ ЭЛЕМЕНТЫ ЗАПИСИ (АБИС)
Тип экземпляра АБИС Книга
980 ## - КОЛЛЕКЦИЯ
Название коллекции Национальная библиография
Экземпляры
Тип экземпляра Дата поступления Источник поступления Библиотека постоянного хранения Библиотека текущего хранения Место хранения Шифр хранения Штрих-код Статус экземпляра
Книга 12.07.2022 Обязательный экземпляр РНБ (Московский) РНБ (Московский) Русский книжный фонд: издания с 1957 года 2022-5/6843 1-3898670  
Книга 12.07.2022 Обязательный экземпляр РНБ (Московский) РНБ (Московский) Русский книжный фонд: издания с 1957 года 2022-5/6843 1-3898671  
Книга 19.10.2022 Обязательный экземпляр РНБ (Московский) РНБ (Московский) Обменный фонд   1-4004821  
Книга 19.10.2022 Обязательный экземпляр РНБ (Московский) РНБ (Московский) Обменный фонд   1-4004822